Mohandas Karamchand Gandhi Satyasodhana Athmakatha (Record no. 47128)

MARC details
000 -LEADER
fixed length control field 00559nam a22001697a 4500
005 - DATE AND TIME OF LATEST TRANSACTION
control field 20251218143920.0
008 - FIXED-LENGTH DATA ELEMENTS--GENERAL INFORMATION
fixed length control field 251218b |||||||| |||| 00| 0 eng d
040 ## - CATALOGING SOURCE
Transcribing agency VITAP
082 ## - DEWEY DECIMAL CLASSIFICATION NUMBER
Edition number 23rd Ed.
Classification number 954.030924 CHA
245 ## - TITLE STATEMENT
Title Mohandas Karamchand Gandhi Satyasodhana Athmakatha
Statement of responsibility, etc. / Edited by Kata Chandrahas
Medium Telugu
250 ## - EDITION STATEMENT
Edition statement 1st Ed.
260 ## - PUBLICATION, DISTRIBUTION, ETC.
Place of publication, distribution, etc. Hyderabad
Name of publisher, distributor, etc. CLS Publishers LLP
Date of publication, distribution, etc. 2024
300 ## - PHYSICAL DESCRIPTION
Extent 318p. : ill. ; 22cm
650 #0 - SUBJECT ADDED ENTRY--TOPICAL TERM
Topical term or geographic name entry element Gandhi, Mahatma, 1869–1948 — Autobiography
9 (RLIN) 16791
700 ## - ADDED ENTRY--PERSONAL NAME
Personal name Chandrahas, Kata
9 (RLIN) 16792
Relator term Editor
942 ## - ADDED ENTRY ELEMENTS (KOHA)
Source of classification or shelving scheme Dewey Decimal Classification
Koha item type Reference Book
Holdings
Withdrawn status Lost status Source of classification or shelving scheme Materials specified (bound volume or other part) Damaged status Not for loan Collection code Home library Current library Shelving location Date acquired Source of acquisition Cost, normal purchase price Inventory number Total Checkouts Full call number Barcode Date last seen Cost, replacement price Price effective from Koha item type Public note
    Dewey Decimal Classification Paper Back     Reference School of Business & General Section VIT-AP Reference 2025-12-18 Donated by Dr. K. Lakshminarayana IAS (Retd.) 0.00 Donated by Dr. K. Lakshminarayana IAS (Retd.)   954.030924 CHA 025034 2025-12-18 0.00 2025-12-18 Reference Book GEN

Visitor Number: